Versos, coros y pullas /
Zapisane w:
| 1. autor: | |
|---|---|
| Format: | Nieznany |
| Język: | Spanish |
| Hasła przedmiotowe: | |
| Etykiety: |
Dodaj etykietę
Nie ma etykietki, Dołącz pierwszą etykiete!
|
MARC
| LEADER | 000000000a22000000004500 | ||
|---|---|---|---|
| 001 | 002546 | ||
| 041 | 0 | |a spa | |
| 100 | 1 | |a Mauri Sierra, Omar Felipe | |
| 245 | 1 | 0 | |a Versos, coros y pullas / |c Omar Felipe Mauri Sierra. |
| 310 | |a semestral | ||
| 650 | 4 | |a LITERATURA CUBANA | |
| 650 | 4 | |a POESIA | |
| 773 | 0 | |d México : Instituto Panamericano de Geografía e Historia |t Folkore Americano |g número 57 (1994), páginas 53-58 | |
| 942 | |c ARC | ||
| 999 | |c 9945 |d 9945 | ||
